[Event "Doriano Spinelli mem 2nd"]
[Site "Torino"]
[Date "2016.12.03"]
[Round "4"]
[White "Tripodi, Enzo"]
[Black "Ferri, Fabio"]
[Result "0-1"]
[WhiteElo "1919"]
[BlackElo "1831"]
[PlyCount "72"]
[EventDate "2016.12.01"]
[EventType "swiss"]
[EventRounds "5"]
[EventCountry "ITA"]
[SourceTitle "CBM 176 Extra"]
[Source "ChessBase"]
[SourceDate "2017.03.02"]
[SourceVersion "1"]
[SourceVersionDate "2017.03.02"]
[SourceQuality "1"]

1. e4 e6 2. d4 d5 3. Nd2 Nf6 4. e5 Nfd7 5. Bd3 c5 6. c3 Nc6 7. Ne2 Qb6 8. Nf3 cxd4 9. cxd4 f6 10. exf6 Nxf6 11. Nc3 Bd6 12. 0-0 0-0 13. Be3 a6 14. Na4 Qc7 15. Rc1 Bf4 16. Bxf4 Qxf4 17. Nb6 Rb8 18. Nxc8 Rbxc8 19. Re1 Ne4 20. Bc2 Rf6 21. Re3 Rcf8 22. Ba4 g5 23. Bxc6 bxc6 24. g3 Qg4 25. Ne5 Qxd1+ 26. Rxd1 Rxf2 27. Ng4 Rxb2 28. Rc1 h5 29. Ne5 Rff2 30. Nd3 Rg2+ 31. Kf1 Rxa2 32. Rxc6 Rxh2 33. Rc8+ Kg7 34. Rc7+ Kh6 35. Kg1 Rag2+ 36. Kf1 Nd2+ 0-1

[Event "Doriano Spinelli mem 2nd"]
[Site "Torino"]
[Date "2016.12.02"]
[Round "2"]
[White "Messina, Francesco"]
[Black "Ferri, Fabio"]
[Result "1-0"]
[WhiteElo "1953"]
[BlackElo "1831"]
[PlyCount "69"]
[EventDate "2016.12.01"]
[EventType "swiss"]
[EventRounds "5"]
[EventCountry "ITA"]
[SourceTitle "CBM 176 Extra"]
[Source "ChessBase"]
[SourceDate "2017.03.02"]
[SourceVersion "1"]
[SourceVersionDate "2017.03.02"]
[SourceQuality "1"]

1. e4 e6 2. d4 d5 3. e5 c5 4. c3 Nc6 5. Nf3 Bd7 6. Bd3 Qc7 7. 0-0 f6 8. Bf4 0-0-0 9. Re1 h6 10. h3 g5 11. Bh2 f5 12. Bxf5 exf5 13. e6 Bd6 14. exd7+ Qxd7 15. dxc5 Bxh2+ 16. Kxh2 Nf6 17. Nbd2 g4 18. Nd4 gxh3 19. gxh3 Rhg8 20. Qf3 Nxd4 21. cxd4 Ne4 22. Qf4 Nxd2 23. Qxd2 f4 24. Rg1 Qf5 25. Rae1 Qf6 26. Qd3 f3 27. c6 bxc6 28. Qa6+ Kb8 29. Re3 Qf4+ 30. Rg3 Qxd4 31. Qxc6 Rxg3 32. Rb3+ Qb6 33. Rxb6+ axb6 34. Qxb6+ Kc8 35. Kxg3 1-0

[Event "Doriano Spinelli mem 2nd"]
[Site "Torino"]
[Date "2016.12.01"]
[Round "1"]
[White "Ferri, Fabio"]
[Black "Bisi, Samuele"]
[Result "1-0"]
[WhiteElo "1831"]
[BlackElo "2084"]
[PlyCount "49"]
[EventDate "2016.12.01"]
[EventType "swiss"]
[EventRounds "5"]
[EventCountry "ITA"]
[SourceTitle "CBM 176 Extra"]
[Source "ChessBase"]
[SourceDate "2017.03.02"]
[SourceVersion "1"]
[SourceVersionDate "2017.03.02"]
[SourceQuality "1"]

1. e4 c5 2. Nc3 e6 3. f4 Nc6 4. Nf3 d6 5. Bc4 a6 6. d3 b5 7. Bb3 g6 8. 0-0 Bg7 9. Qe1 Nge7 10. f5 gxf5 11. Qh4 Nd4 12. Bg5 b4 13. Na4 h6 14. Bf6 Nxf3+ 15. Rxf3 Bxf6 16. Qxf6 Ng6 17. Qg7 f4 18. Rxf4 Nxf4 19. Qxh8+ Ke7 20. Qxh6 Ng6 21. Rf1 Qh8 22. Qg5+ Ke8 23. Nb6 Rb8 24. Ba4+ Kf8 25. Qxg6 1-0

[Event "Assisi op-B 5th"]
[Site "Assisi"]
[Date "2010.12.18"]
[Round "3"]
[White "Ferri, Fabio"]
[Black "Trasciatti, Mirko"]
[Result "1/2-1/2"]
[WhiteElo "1810"]
[BlackElo "1921"]
[PlyCount "45"]
[EventDate "2010.12.17"]
[EventType "swiss"]
[EventRounds "5"]
[EventCountry "ITA"]
[SourceTitle "EXT 2024"]
[Source "ChessBase"]
[SourceDate "2023.10.10"]
[SourceVersion "1"]
[SourceVersionDate "2023.10.10"]
[SourceQuality "1"]

1. c4 e5 2. Nc3 d6 3. Nf3 f5 4. d3 Nf6 5. e4 Be7 6. Be2 0-0 7. 0-0 Nc6 8. Bg5 f4 9. d4 h6 10. Bxf6 Bxf6 11. dxe5 Nxe5 12. Nxe5 Bxe5 13. Qd2 f3 14. Bxf3 Rxf3 15. gxf3 Qh4 16. Rfe1 Be6 17. Nd5 Bxh2+ 18. Kf1 Rf8 19. Re3 c6 20. Ke2 cxd5 21. cxd5 Bh3 22. Qb4 Bf4 23. Ra3 1/2-1/2

[Event "Foligno op"]
[Site "Foligno"]
[Date "2010.06.05"]
[Round "4"]
[White "Sirci, Gianluca"]
[Black "Ferri, Fabio"]
[Result "0-1"]
[WhiteElo "1401"]
[BlackElo "1819"]
[PlyCount "82"]
[EventDate "2010.06.04"]
[EventType "swiss"]
[EventRounds "6"]
[EventCountry "ITA"]
[SourceTitle "CBM 136 Extra"]
[Source "ChessBase"]
[SourceDate "2010.07.02"]
[SourceVersion "2"]
[SourceVersionDate "2010.07.15"]
[SourceQuality "1"]

1. e4 d5 2. exd5 Nf6 3. Qf3 Qxd5 4. Nc3 Qxf3 5. Nxf3 Bg4 6. Ne5 Nbd7 7. Nd5 Nxe5 8. Nxc7+ Kd8 9. Nxa8 Kc8 10. d3 e6 11. Bf4 Bd6 12. d4 Nd3+ 13. cxd3 Bxf4 14. f3 Bh5 15. g3 Bd6 16. Rc1+ Kd7 17. Nb6+ axb6 18. Be2 Bb4+ 19. Kf2 Nd5 20. a3 Bd2 21. Rc2 Be3+ 22. Kg2 Bxd4 23. Rd2 Bg6 24. h4 h5 25. f4 Be3 26. Rc2 Bxf4 27. Kf3 Be3 28. Rc4 Bf5 29. Bd1 Bxd3 30. Ba4+ Kd6 31. Rc3 Nxc3 32. bxc3 e5 33. Kxe3 e4 34. Rd1 Ke5 35. Bb3 Rf8 36. c4 f5 37. Rc1 f4+ 38. gxf4+ Rxf4 39. c5 Rf3+ 40. Kd2 Rf2+ 41. Ke3 Re2# 0-1

[Event "ITA-ch U16"]
[Site "Merano"]
[Date "2008.07.09"]
[Round "5"]
[White "Dappiano, Andrea"]
[Black "Ferri, Fabio"]
[Result "1-0"]
[WhiteElo "1889"]
[BlackElo "1662"]
[PlyCount "87"]
[EventDate "2008.07.06"]
[EventType "swiss"]
[EventRounds "9"]
[EventCountry "ITA"]
[SourceTitle "EXT 2011"]
[Source "ChessBase"]
[SourceDate "2010.11.26"]
[SourceVersion "1"]
[SourceVersionDate "2010.11.26"]
[SourceQuality "1"]

1. c4 e5 2. Nc3 Nf6 3. Nf3 Nc6 4. e4 Bc5 5. Nxe5 Bxf2+ 6. Kxf2 Nxe5 7. d4 Neg4+ 8. Kg1 d6 9. h3 Nh6 10. Bxh6 gxh6 11. Kh2 Qe7 12. Bd3 Bd7 13. Nd5 Nxd5 14. exd5 0-0-0 15. Qf3 Qh4 16. Qe4 Qg5 17. Rhf1 Rhg8 18. Qf3 Rde8 19. Rae1 Rxe1 20. Rxe1 f5 21. Rf1 f4 22. Bxh7 Qg3+ 23. Qxg3 fxg3+ 24. Kg1 Re8 25. Bg6 Rg8 26. Rf6 Kd8 27. Bh5 Be8 28. Bg4 h5 29. Be6 Rg6 30. Rf4 Ke7 31. Kf1 Rf6 32. Rxf6 Kxf6 33. h4 Bg6 34. Ke2 Be4 35. Bh3 c6 36. dxc6 bxc6 37. b4 d5 38. c5 a6 39. Ke3 Bb1 40. a3 Be4 41. Kf4 Kg6 42. Kxg3 Bf5 43. Bxf5+ Kxf5 44. Kf3 1-0

[Event "ITA-ch U16"]
[Site "Merano"]
[Date "2008.07.08"]
[Round "3"]
[White "Fiorentini, Paolo"]
[Black "Ferri, Fabio"]
[Result "1/2-1/2"]
[WhiteElo "1946"]
[BlackElo "1662"]
[PlyCount "93"]
[EventDate "2008.07.06"]
[EventType "swiss"]
[EventRounds "9"]
[EventCountry "ITA"]
[SourceTitle "EXT 2011"]
[Source "ChessBase"]
[SourceDate "2010.11.26"]
[SourceVersion "1"]
[SourceVersionDate "2010.11.26"]
[SourceQuality "1"]

1. d4 Nf6 2. c4 e6 3. Nf3 b6 4. a3 Bb7 5. Nc3 c5 6. d5 exd5 7. cxd5 d6 8. e4 Be7 9. Bd3 0-0 10. 0-0 Ba6 11. Qe2 Bxd3 12. Qxd3 Nbd7 13. Rd1 Ng4 14. Bf4 a6 15. a4 Nge5 16. Bxe5 Nxe5 17. Nxe5 dxe5 18. Qc4 Bd6 19. Re1 f5 20. exf5 Rxf5 21. Qg4 Qd7 22. Ne4 Raf8 23. Ra3 Qe7 24. Rg3 Rf4 25. Qe2 c4 26. Qxc4 Bc5 27. d6+ Qf7 28. Qxf7+ R8xf7 29. Nxc5 bxc5 30. Rd3 Rd7 31. b3 Rd4 32. Rxd4 exd4 33. Re5 Rxd6 34. Rxc5 d3 35. Rc1 Kf7 36. Rd1 Ke6 37. Kf1 Ke5 38. Ke1 Kd4 39. Kd2 Rc6 40. Rc1 Rxc1 41. Kxc1 Kc3 42. a5 Kxb3 43. Kd2 Kc4 44. h4 Kd4 45. f3 g6 46. g4 h5 47. g5 1/2-1/2